Аристофан (Запис номер 344065)
[ съкратено ]
| 000 -Лидер | |
|---|---|
| Контролно поле с фиксирана дължина | 00906nam a2200289 c 4500 |
| 003 - Код на организацията, давaща контролен номер | |
| Контролно поле | BLK |
| 005 - Дата и час на последна редакция | |
| Контролно поле | 20190913121257.0 |
| 008 - Елементи от данни с фиксирана дължина | |
| fixed length control field | 180911b bul|||||r ||||||| ||bul|| |
| 010 ## - Наследен системен номер | |
| LC control number | 003728 |
| 040 ## - Източник на каталожния запис | |
| Идентификатор на билиотеката - собственик на записа | BLK |
| 041 ## - Код за език | |
| Код за езика на текст/звукозапис или на отделно заглавие | Руски |
| 080 ## - УДК | |
| Текстов определител УДК | Аристофан |
| УДК определител | 92 |
| УДК - код + определител | 875(092)92 |
| 100 1# - Редна дума - Автор | |
| Автор | ГОЛОВНЯ, В. |
| Авторска отговорност | първи автор |
| 245 00 - Сведения за заглавието | |
| Заглавие | Аристофан |
| 260 ## - Област на издателските данни | |
| Място на издаване, разпространение и проч. | Москва |
| Име на издателя, разпространителя и проч. | АН СССР |
| Година на издаване | 1955 |
| 300 ## - Физическа характеристика | |
| Страници | 184 с |
| Илюстрации и др. | с ил. |
| Размери/Мащаб | 20 см |
| 380 ## - Жанр | |
| Жанр | Литературознание |
| 490 ## - СЕРИИ (Колекции) | |
| Име на серия | АН СССР |
| 490 ## - СЕРИИ (Колекции) | |
| Име на серия | Инст. истории искусств |
| 490 ## - СЕРИИ (Колекции) | |
| Име на серия | Частна колекция - Академик Михаил Арнаудов |
| Бележки за серията | Дарение - Основен фонд |
| 650 ## - Допълнително описание по предмет – тема | |
| Основно описание – тема или топоним | Биографии |
| 650 ## - Допълнително описание по предмет – тема | |
| Основно описание – тема или топоним | Писатели |
| 655 ## - Ключова дума – жанр/разновидност | |
| Данни за жанр/разновидност или ключова дума за фокус | Литературознание |
| 700 1# - Други автори (авторска отговорност) | |
| Лично име | В. В. Головня |
| 852 ## - Местоположение | |
| Форматна сигнатура | МА 3331 |
| 942 ## - АРТИКУЛИ | |
| Вид на библиотечния материал | Книги |
| Скрит в OPAC | Не |
| 944 ## - СЪЗДАВАНЕ И РЕДАКЦИЯ на ЗАПИСА | |
| Създаване/Редакция | Създаване |
| Дата на регистрацията/редакция | 1994 |
| 999 ## - СИСТЕМНИ КОНТРОЛНИ НОМЕРА | |
| Koha biblionumber | 344065 |
| Koha biblioitemnumber | 344065 |
| Код за отписване | Код за изгубен артикул | Източник на класификационната схема | Код за повреда | Коз за рестрикции | Код за отдаване | Артикулен № | Име на библиотеката - собственик | Име на библиотеката, в която се намира в момента | Статус (Текущо местоположение) | Местоположение - отдел | Цена в лева | Номерация (Хронология) | Инвентарен номер | Систематично азбучна сигнатура | Баркод | Номер на екземпляра | Цена в евро | Служебен тип на артикула |
|---|---|---|---|---|---|---|---|---|---|---|---|---|---|---|---|---|---|---|
| Не е изгубен | Universal Decimal Classification | Не е повреден | без рестрикции | Специални фондове ( старопечатни, редки и ценни, фонд М. Арнаудов) | 744418 | Регионална библиотека "Любен Каравелов" Русе | Регионална библиотека "Любен Каравелов" Русе | Фонд "Михаил Арнаудов" | Фонд "Михаил Арнаудов" | 10.00 | 589767 | МА 3331 | 120000589767 | 1 | 5.11 | Книги |